Brazil National Team All-Time XI - Statistics

General Stats
  • This quiz has been taken 327 times
  • The average score is 7 of 13
Answer Stats
Position Period Player % Correct
FW 1994-2011 Ronaldo
96%
FW 1957-71 Pelé
94%
DF 1992-2006 Roberto Carlos
86%
12th player 1999-2013 Ronaldinho
86%
FW 1955-66 Garrincha
73%
MF 1976-86 ZIco
72%
DF 1964-77 Carlos Alberto Torres
44%
Coach 1967-74/94-98 Mário Zagallo
30%
MF 1952-62 Didi
29%
MF 1965-78 Rivellino
29%
DF 1989-2000 Aldair
22%
GK 1953-69 Gilmar
17%
DF 1957-66 Hilderaldo Bellini
7%
No matching quizzes found
Score Distribution
Percent of People with Each Score
Percentile by Number Answered
Your Score History
You have not taken this quiz